Επίπεδα γλωσσικής ανάλυσης

Αποθηκεύτηκε σε:
Λεπτομέρειες βιβλιογραφικής εγγραφής
Κύριος συγγραφέας: Παυλίδου, Θεοδοσία
Μορφή: Βιβλίο
Γλώσσα:Greek
Δημοσίευση: Θεσσαλονίκη : Παρατηρητής, 1997
Έκδοση:2η έκδ.
Θέματα:
Ετικέτες: Προσθήκη ετικέτας
Δεν υπάρχουν, Καταχωρήστε ετικέτα πρώτοι!

MARC

LEADER 00000nam a2200000 i 4500
001 1/26362
008 990401s1997 gre d
020 |a 960-260-811-0 
035 |l 10068240 
040 |a GR-MY-UA  |b gre  |e aacr 
041 0 |a gre 
082 0 |a 410 
100 1 |a Παυλίδου, Θεοδοσία. 
245 1 0 |a Επίπεδα γλωσσικής ανάλυσης /  |c Θεοδοσία Παυλίδου 
250 |a 2η έκδ. 
260 |a Θεσσαλονίκη :   |b Παρατηρητής,   |c 1997 
300 |a 150 σ. 
500 |a Παραδόσεις του μαθήματος Γενική Γλωσσολογία ΙΙ στο Τμήμα Φιλολογίας του Α.Π.Θ. 
650 0 0 |a Linguistic analysis (Linguistics)  |x Grammar, Comparative and general. 
650 0 0 |a Linguistics. 
852 |a INST  |b LESVOS  |e 19990401  |h 410 ΠΑΥ  |p 005100022838  |q 005100022838  |t BK  |y 0 
852 |a INST  |b RHODES  |e 20020809  |h 410 ΠΑΥ  |p 005400016221  |q 005400016221  |t BK  |y 0 
901 |a BIBL1-1999-3 
901 |a BIBL4-2002-2 
909 |a Λ  |b 065114 
909 |a Ρ  |b 102116 
922 |a 1ΕΛΗ  |b 199903  |c ΚΠΣ/ΔΕΛΒΕΡΟΥΔΗ  |d EMVASIS 
922 |a 4ΕΛΗ  |b 200205  |c ΚΠΣ/124 
950 |a 124-2002-03-13 
950 |a 140/1996-02-06 
970 |z 2000/06/ΟΙΚΟΝΟΜΟΠΟΥΛΟΥ ΧΡΙΣΤΙΝΑ 
970 |a ΤΖΑΦΕΡΗ  |b ΕΥΑΓΓΕΛΙΑ  |z 1999/11/12